| 000 | 00631nam a22001937a 4500 | ||
|---|---|---|---|
| 999 |
_c174276 _d174276 |
||
| 005 | 20200601154258.0 | ||
| 010 | _aUR-10769 | ||
| 020 |
_c250.00 _a9789389002478 |
||
| 035 | _aU-9324 | ||
| 037 |
_bDBAD/PUB _a- |
||
| 082 | _a841 | ||
| 100 | _aشميم قا سمی | ||
| 245 |
_aخو ا ب ر نگ مو سم _cشميم قا سمی |
||
| 246 |
_bKhawab Rung Mausam (Urdu) _aby Shamim Qasmi |
||
| 260 |
_aDelhi _bEducational Publishing House _c2019 ء |
||
| 270 |
_a3191,Vakil Street,Kucha Pandit Lal Kuan, _bDelhi _e110006 _k23216162 _l- |
||
| 300 |
_a160 ص _c22 Cm(Hb) |
||
| 942 |
_2ddc _cUR _h841 _mق ا س |
||